Leasing, úver alebo vlastné zdroje financovania

Náklady a výdavky jednotlivých foriem financovania rozvojových potrieb podnikateľa. Financovanie z vlastných zdrojov, alebo cudzích zdrojov, t.j. úverom a leasingom. Analýza nákladov a výdavkov jednotlivých foriem financovania je uvedená ako modelový príklad.

Saved in:
Bibliographic Details
Main Author: Piaček, Ján
Format: Book Chapter
Language:Slovak
Subjects:
Tags: Add Tag
No Tags, Be the first to tag this record!

MARC

LEADER 00000naa a2200000 4500
001 r043301
005 20230919092942.3
041 0 |a slo 
044 |a SK 
245 1 0 |a Leasing, úver alebo vlastné zdroje financovania  |c Ján Piaček 
520 |a Náklady a výdavky jednotlivých foriem financovania rozvojových potrieb podnikateľa. Financovanie z vlastných zdrojov, alebo cudzích zdrojov, t.j. úverom a leasingom. Analýza nákladov a výdavkov jednotlivých foriem financovania je uvedená ako modelový príklad. 
610 2 0 |a zdroje finančné cudzie 
610 2 0 |a zdroje finančné vlastné 
610 2 0 |a lízing 
610 2 0 |a úver 
610 2 0 |a podnikatelia 
610 2 0 |a náklady 
610 2 0 |a výdavky 
610 2 0 |a financovanie 
610 2 0 |a financovanie cudzie 
100 1 |a Piaček, Ján